| 000 | 00657nam a2200205 i 4500 | ||
|---|---|---|---|
| 001 | 57032 | ||
| 003 | ES-MaACL | ||
| 005 | 20250520181437.0 | ||
| 007 | t| | ||
| 008 | 031014s1974 sp ||||1| spa d | ||
| 245 | 0 | 0 |
_aHistoria de la Literatura española / _cplaneada y coordinada por Jose María Díez Borque. |
| 260 |
_a[Madrid] : _bGuadiana, _c[1974] |
||
| 300 |
_a519 p. ; _c21 cm. |
||
| 505 | 8 | _aContiene: V.III: Siglos XIX y XX | |
| 650 | 4 |
_aLiteratura española- _xHistoria y crítica _914560 |
|
| 700 | 1 |
_aDíez Borque, José María, _d1947- _944682 |
|
| 852 |
_aES-MaACL _jE-6805 _bR.91509 |
||
| 942 | _2udc | ||
| 999 |
_c57032 _d57032 |
||